01756nam a22003977a 4500001001000000003000500010005001700015008004100032010001000073011001000083035001000093040000900103082001600112110006700128245006000195260008100255300001100336590004100347590004100388590004100429590004200470590004000512650005500552650004500607650004500652901000700697942001000704942000600714949006900720949007400789949006500863999001700928952013600945952014101081952013601222000046688CHAP20220329140021.0971013s1979 r 00010 d a45629 a46601 a50742 cCHAP04a630.717bU32 aUACH. Departamento de Trabajos de Campo Universitarios911589610aTrabajos de campo en Fitotecnia, 1978-79 :b: memorias. aChapingo, Méx. :bDepartamento de Trabajos de Campo Universitarios,c1979. a101 p. aBATCH-UPDb10c20130110lUCH01h1854 aBATCH-UPDb10c20130410lUCH01h1223 aBATCH-UPDb10c20130914lUCH01h1146 aCONVERSIONb10c20130109lUCH01h1325 aE5995AHEb05c20150323lUCH01h141514aDesarrollo de la comunidad ruralzMéxico.93204014aEducación agrícolazMéxico.93555214aExtensión agrícolaxMéxico.939173 aBK cLIBRO n0 a630.717 U3bBCcLIBROd33724000036422eLIBROh47625i50742mDsi a630.717 U3bBCcLIBROd33724000036471eLIBROfc.2h47626i50742mDsi a630.717 U3bBCcUACHd-113929eUACHfc.3h47625i50742mDsi c45629d45629 00102ddc4052708GRALaBCbBCcPP_GRALd2019-12-31fLIBROl0o630.717 U3p33724000036422r2019-12-31 00:00:00w2019-12-31yLIBRO 00102ddc4052708GRALaBCbBCcPP_GRALd2019-12-31fLIBROl0o630.717 U3p33724000036471r2019-12-31 00:00:00tc.2w2019-12-31yLIBRO 00104051708UACHaBCbBCcPA_UACHd2019-12-31fLIBROl0o630.717 U3p33724002469801r2019-12-31 00:00:00tc.3w2019-12-31yLIBRO